Countries That Produce The Most Magnets - Statistics

General Stats
  • This quiz has been taken 60 times
  • The average score is 14 of 20
Answer Stats
% Of Total Magnets Produced Answer % Correct
53.3% China
100%
2.48% United States
100%
0.31% France
91%
12.2% Japan
91%
0.89% United Kingdom
91%
0.48% India
89%
5.64% Germany
87%
0.53% Italy
87%
0.82% South Korea
85%
0.25% Poland
77%
0.35% Indonesia
72%
1.68% Netherlands
64%
1.11% Thailand
64%
2.88% Vietnam
64%
2.01% Malaysia
57%
0.57% Taiwan
57%
8.92% Philippines
49%
1.85% Switzerland
49%
0.26% Finland
30%
0.47% Slovenia
6%
No matching quizzes found
Score Distribution
Percent of People with Each Score
Percentile by Number Answered
Your Score History
You have not taken this quiz